Naše koruna a indická rupie - podobnost čistě náhodná.

Podobnosť čs. koruny a indickej rupie, podobnosť kurzov a existencia čierneho trhu. Porovnanie platobnej a obchodnej bilancie. Veľká podobnosť spotrebiteľských cien na indickom trhu v roku 1990. Zavedenie opatrení na likvidáciu čierneho trhu s voľne konvertibilnými menami. Výhody pre oficiálne výmen...

Full description

Saved in:
Bibliographic Details
Main Author: Němeček, E.
Format: Book Chapter
Language:Czech
Subjects:
Tags: Add Tag
No Tags, Be the first to tag this record!

MARC

LEADER 00000naa a2200000 4500
001 r002880
005 20220819180934.3
041 0 |a cze 
044 |a [CS] 
245 1 0 |a Naše koruna a indická rupie - podobnost čistě náhodná.  |c E. Němeček 
520 |a Podobnosť čs. koruny a indickej rupie, podobnosť kurzov a existencia čierneho trhu. Porovnanie platobnej a obchodnej bilancie. Veľká podobnosť spotrebiteľských cien na indickom trhu v roku 1990. Zavedenie opatrení na likvidáciu čierneho trhu s voľne konvertibilnými menami. Výhody pre oficiálne výmeny valút v bankách. 
610 2 0 |a koruna 
610 2 0 |a konvertibilita 
610 2 0 |a ČSFR 
610 2 0 |a India 
610 2 0 |a rupia 
610 2 0 |a ekonomika tieňová 
610 2 0 |a kurz menový 
610 2 0 |a bilancia platobná 
610 2 0 |a bilancia obchodná 
610 2 0 |a 1990 
610 2 0 |a ceny maloobchodné 
100 1 |a Němeček, E.